MARC

LEADER 00000nam0a2200000 4500
001 250066
005 20231101232529.0
010 |a 5343003796 
020 |a RU  |b 88-86532 
035 |a (RuTPU)RU\TPU\book\272208 
090 |a 250066 
100 |a 20140211d1988 k y0rusy5003 ca 
101 0 |a rus 
102 |a BY 
105 |a a z 001zy 
200 1 |a Методы анализа стохастических сетевых моделей вычислительных систем  |f Л. А. Гриншпан  |g Академия наук Белорусской ССР (АН БССР), Институт технической кибернетики (ИТК) 
210 |a Минск  |c Наука и техника  |d 1988 
215 |a 127,[1] с.  |c ил. 
320 |a Библиогр.: с. 125-126 (44 назв.). 
606 1 |a Вычислительные системы  |x Статистические методы изучения  |2 stltpush  |3 (RuTPU)RU\TPU\subj\4280  |9 32567 
610 1 |a вычислительные системы 
610 1 |a статистические методы 
610 1 |a сетевые модели 
610 1 |a анализ 
610 1 |a сети массового обслуживания 
610 1 |a стохастические модели 
675 |a 681.324  |z rus 
700 1 |a Гриншпан  |b Л. А.  |g Леонид Абрамович 
712 0 2 |a Академия наук Белорусской ССР (АН БССР)  |b Институт технической кибернетики (ИТК)  |c (Минск)  |2 stltpush  |3 (RuTPU)RU\TPU\col\443 
801 0 |a RU  |b RuMRKP  |c 19950417  |g psbo 
801 1 |a RU  |b 63413507  |c 20140211 
801 2 |a RU  |b 63413507  |c 20140217  |g RCR 
942 |c BK